| 000 | 00415nam a2200157Ia 4500 | ||
|---|---|---|---|
| 008 | 230711s9999||||xx |||||||||||||| ||und|| | ||
| 041 | _aENG | ||
| 082 |
_a621 _bCH-L |
||
| 100 | _aChakraverty,S | ||
| 245 | 0 | _aLiboratory experiments on electronic circuits | |
| 250 | _a1st . Ed. | ||
| 260 |
_c2004 _aNew Delhi _bStandard Publishing Distributors |
||
| 300 | _a207 | ||
| 650 | _aElectronics Engineering | ||
| 942 | _cBK | ||
| 999 |
_c4891 _d4891 |
||